LEADER 01577nam 2200529Ia 450 001 9910454858103321 005 20200520144314.0 010 $a1-60741-404-X 035 $a(CKB)1000000000786434 035 $a(EBL)3018466 035 $a(SSID)ssj0000099676 035 $a(PQKBManifestationID)11122542 035 $a(PQKBTitleCode)TC0000099676 035 $a(PQKBWorkID)10018997 035 $a(PQKB)10076889 035 $a(MiAaPQ)EBC3018466 035 $a(Au-PeEL)EBL3018466 035 $a(CaPaEBR)ebr10660327 035 $a(OCoLC)430019167 035 $a(EXLCZ)991000000000786434 100 $a20090105d2009 uy 0 101 0 $aeng 135 $aur|n|---||||| 181 $ctxt 182 $cc 183 $acr 200 00$aAfghanistan security$b[electronic resource] /$fLawrence B. Peabody, editor 210 $aHauppauge, N.Y. $cNova Science Publishers$dc2009 215 $a1 online resource (258 p.) 300 $aDescription based upon print version of record. 311 $a1-60692-149-5 320 $aIncludes bibliographical references and index. 606 $aNational security$zAfghanistan 606 $aInternal security$zAfghanistan 607 $aAfghanistan$xArmed Forces 608 $aElectronic books. 615 0$aNational security 615 0$aInternal security 676 $a355/.0330581 701 $aPeabody$b Lawrence B$0922159 801 0$bMiAaPQ 801 1$bMiAaPQ 801 2$bMiAaPQ 906 $aBOOK 912 $a9910454858103321 996 $aAfghanistan security$92069300 997 $aUNINA LEADER 01313aam 2200373I 450 001 9910710577503321 005 20160426110501.0 024 8 $aGOVPUB-C13-2657d61b869687510dc32c93f2745abf 035 $a(CKB)5470000002477519 035 $a(OCoLC)947843953 035 $a(EXLCZ)995470000002477519 100 $a20160426d1984 ua 0 101 0 $aeng 181 $2rdacontent 182 $2rdamedia 183 $2rdacarrier 200 10$aExperimental thermal conductivity values for hydrogen, methane, ethane and propane /$fH. M. Roder 210 1$aGaithersburg, MD :$cU.S. Dept. of Commerce, National Institute of Standards and Technology,$d1984. 215 $a1 online resource 225 1 $aNBSIR ;$v84-3006 300 $a1984. 300 $aContributed record: Metadata reviewed, not verified. Some fields updated by batch processes. 300 $aTitle from PDF title page. 320 $aIncludes bibliographical references. 700 $aRoder$b H. M$01389673 701 $aRoder$b H. M$01389673 712 02$aUnited States.$bNational Bureau of Standards. 801 0$bNBS 801 1$bNBS 801 2$bGPO 906 $aBOOK 912 $a9910710577503321 996 $aExperimental thermal conductivity values for hydrogen, methane, ethane and propane$93461310 997 $aUNINA